| 000 | 00565nam a2200217Ia 4500 | ||
|---|---|---|---|
| 005 | 20241129111504.0 | ||
| 008 | 241129s9999||||xx |||||||||||||| ||und|| | ||
| 020 | _a978-93-85754-97-5 | ||
| 037 | _aTB | ||
| 040 |
_aCRL _beng _cCRL |
||
| 041 |
_aeng _2eng |
||
| 084 |
_aV237.K R0 _qCRL |
||
| 100 |
_aS.P. Singh Ed. _9151213 |
||
| 245 | 0 |
_aRajput lineage _cS.P. Singh Ed. |
|
| 260 |
_aNew Delhi, India _bKitabwale _c2020 |
||
| 300 | _aviii,192p. | ||
| 365 |
_aINR _b800 |
||
| 650 | _a History | ||
| 942 |
_cTB _hV237.K R0 |
||
| 999 |
_c1230692 _d1230692 |
||